[Event "34th World Open"]
[Site "Philadelphia USA"]
[Date "2006.07.02"]
[Round "5"]
[White "Ju,E"]
[Black "Abrahamyan,T"]
[Result "1/2-1/2"]
[WhiteElo "2161"]
[BlackElo "2262"]
[EventDate "2006.06.28"]

1. e4 e6 2. d4 d5 3. Nd2 Nf6 4. e5 Nfd7 5. Bd3 c5 6. c3 Nc6 7. Ne2 cxd4 8.
cxd4 f6 9. Nf4 Nxd4 10. Qh5+ Ke7 11. Ng6+ hxg6 12. exf6+ Nxf6 13. Qxh8 Kf7
14. O-O e5 15. Nf3 Nxf3+ 16. gxf3 Bf5 17. Bxf5 gxf5 18. Bg5 Bc5 19. Qh4 Qb6
20. Rac1 Be7 21. Rc2 Rd8 22. Rfc1 d4 23. Rc7 d3 24. Bxf6 Qxf6 25. Qxf6+
Kxf6 26. Rxb7 Bc5 27. b4 Bd4 28. f4 exf4 29. Rd1 Bc3 30. Kg2 d2 31. Rxa7
Bxb4 32. Rb7 Bc3 33. Kf3 Re8 34. Kxf4 g5+ 35. Kg3 Re1 36. Rbb1 Ke5 37. f3
Kd4 38. Kf2 Rxd1 39. Rxd1 Kd3 40. a4 f4 41. h3 Ba5 42. Ra1 Bb6+ 43. Kf1 Bc5
44. a5 Bd4 45. Rd1 Bc3 46. a6 Bd4 47. Rb1 Ba7 48. Ra1 Bc5 49. a7 Bxa7 50.
Ra3+ 1/2-1/2

[Event "34th World Open"]
[Site "Philadelphia USA"]
[Date "2006.07.03"]
[Round "6"]
[White "Friedel,J"]
[Black "Najer,E"]
[Result "1/2-1/2"]
[WhiteElo "2465"]
[BlackElo "2653"]
[EventDate "2006.06.28"]

1. e4 e5 2. Nf3 Nc6 3. Bb5 a6 4. Ba4 d6 5. Bxc6+ bxc6 6. d4 f6 7. Nc3 Ne7
8. Be3 Be6 9. Qe2 Qb8 10. O-O-O Qb4 11. a3 Qb7 12. Kb1 Rb8 13. Bc1 Ng6 14.
Qe3 Be7 15. h4 h5 16. Ng1 exd4 17. Qxd4 Ne5 18. f4 Nc4 19. b3 Na5 20. Qb4
Qxb4 21. axb4 Rxb4 22. f5 Bf7 23. Nge2 Nc4 24. Rhe1 Ne5 25. Nf4 g6 26. Ba3
Rb8 27. Bb2 gxf5 28. exf5 Rg8 29. Ne4 Kf8 30. Ne6+ Bxe6 31. fxe6 Rg6 32.
Rf1 Rb5 33. Rf5 Ng4 34. Rf3 Ne5 35. Rf5 Kg7 36. Rdf1 Rb4 37. R1f4 Rxg2 38.
Nxf6 Rg1+ 39. Ka2 Rxf4 40. Ne8+ Kg6 41. Rxf4 Re1 42. Nxc7 Ng4 43. Rc4 Bxh4
44. Rxc6 Bg3 45. Ba3 Be5 46. Bb2 Bg3 47. Ba3 Be5 48. Bb2 Bg3 1/2-1/2

[Event "34th World Open"]
[Site "Philadelphia USA"]
[Date "2006.07.03"]
[Round "6"]
[White "Izoria,Z"]
[Black "Simutowe,A"]
[Result "1-0"]
[WhiteElo "2647"]
[BlackElo "2414"]
[EventDate "2006.06.28"]

1. d4 Nf6 2. Nf3 e6 3. c4 Bb4+ 4. Nbd2 O-O 5. a3 Bxd2+ 6. Bxd2 b6 7. Bg5
Bb7 8. e3 d6 9. Be2 Nbd7 10. O-O h6 11. Bh4 Qe7 12. Nd2 e5 13. b4 c5 14.
bxc5 bxc5 15. d5 e4 16. Rb1 Rfb8 17. Qa4 g5 18. Bg3 Nb6 19. Qc2 Bc8 20. Nb3
Bd7 21. Na5 Ba4 22. Qc3 Rf8 23. Bd1 Bd7 24. h4 gxh4 25. Bxh4 Nfxd5 26. Bxe7
Nxc3 27. Rc1 Rfe8 28. Bxd6 Nxd1 29. Rfxd1 Rac8 30. Bf4 Bg4 31. Rd6 Re6 32.
Rxe6 Bxe6 33. Bxh6 Rd8 34. Nb7 Rc8 35. Nd6 Rc6 36. Nxe4 Bxc4 37. Bf4 f5 38.
Nc3 Bd3 39. f3 Kf7 40. Kf2 Nd7 41. Rh1 Nf8 42. Bb8 a6 43. Rd1 c4 44. Nd5
Nd7 45. Ba7 a5 46. Nf4 Ra6 47. Bd4 Bc2 48. Rh1 Nf8 49. Ke1 Ne6 50. Rh7+ Ke8
51. Rh6 Kd7 52. Kd2 Bb1 53. Kc3 a4 54. Rh7+ Kc8 55. Nd5 Nxd4 56. Kxd4 Kd8
57. Rh1 Bd3 58. Nb4 Rb6 59. Rh8+ Kd7 60. Rh7+ Kd8 61. Rh5 Rd6+ 62. Kc3 Bf1
63. Rxf5 Bxg2 64. Kxc4 Rd1 65. Nc6+ Kd7 66. Nd4 Rb1 67. Ra5 Rf1 68. Rxa4
Bxf3 69. Nxf3 Rxf3 70. Kd3 Kc6 71. Rc4+ Kd5 72. Rc1 Rh3 73. a4 Rh2 74. Ra1
Rh6 75. a5 Ra6 76. e4+ Ke5 77. Ke3 Kf6 78. Kd4 Ke6 79. Kc5 Ra8 80. a6 Kd7
81. a7 Kc7 82. Rh1 Kb7 83. Rh7+ Ka6 84. e5 Rd8 85. e6 Rc8+ 86. Kd6 Rd8+ 87.
Rd7 Rh8 88. e7 1-0

[Event "34th World Open"]
[Site "Philadelphia USA"]
[Date "2006.07.03"]
[Round "6"]
[White "Muhammad,S"]
[Black "Stocek,J"]
[Result "0-1"]
[WhiteElo "2384"]
[BlackElo "2565"]
[EventDate "2006.06.28"]

1. d4 Nf6 2. c4 e6 3. Nf3 Bb4+ 4. Nbd2 O-O 5. a3 Be7 6. e4 d5 7. e5 Nfd7 8.
Bd3 c5 9. h4 h6 10. Bb1 cxd4 11. Qc2 f5 12. cxd5 exd5 13. Ba2 Nc6 14. Bxd5+
Kh8 15. Bxc6 bxc6 16. Qxc6 Rb8 17. O-O Nc5 18. Nc4 f4 19. Nfd2 Bb7 20. Qg6
Qd5 21. f3 Ba6 22. b3 Nxb3 23. Qxa6 Nxa1 24. Qxa7 Bc5 25. Qc7 Nc2 26. Ne4
Rfc8 27. Qa5 Qxc4 28. Bxf4 0-1

[Event "34th World Open"]
[Site "Philadelphia USA"]
[Date "2006.07.03"]
[Round "6"]
[White "Ftacnik,L"]
[Black "Ludwig,D"]
[Result "1-0"]
[WhiteElo "2597"]
[BlackElo "2361"]
[EventDate "2006.06.28"]

1. d4 Nf6 2. Nf3 d5 3. c4 c6 4. Nc3 dxc4 5. a4 Bf5 6. Ne5 Nbd7 7. Nxc4 Qc7
8. g3 e5 9. dxe5 Nxe5 10. Bf4 Nfd7 11. Bg2 g5 12. Ne3 gxf4 13. Nxf5 O-O-O
14. O-O Nc5 15. Qc2 fxg3 16. hxg3 a5 17. Rad1 Rxd1 18. Rxd1 Ne6 19. Ne4 Bb4
20. Nf6 Rd8 21. f4 Ng6 22. e3 Bc5 23. Kh2 Qb6 24. Rxd8+ Qxd8 25. Ne4 Bb4
26. Bh3 Kc7 27. Qb3 b5 28. axb5 cxb5 29. Nh6 Qf8 30. Nxf7 Nc5 31. Nxc5 Qxc5
32. Ng5 Qc4 33. Qxc4+ bxc4 34. Nxh7 Bd2 35. Bf5 Ne7 36. Be6 c3 37. bxc3
Bxe3 38. Ng5 Ng6 39. Ne4 Nxf4 40. gxf4 Bxf4+ 41. Kg2 Kc6 42. Kf3 Be5 43.
Ke2 Kb5 44. Kd3 Ka4 45. Kc2 1-0

[Event "34th World Open"]
[Site "Philadelphia USA"]
[Date "2006.07.03"]
[Round "6"]
[White "Kleiman,J"]
[Black "Panchanathan,M"]
[Result "0-1"]
[WhiteElo "2292"]
[BlackElo "2525"]
[EventDate "2006.06.28"]

1. e4 e5 2. Nf3 d6 3. d4 Nd7 4. Bc4 c6 5. O-O Be7 6. dxe5 dxe5 7. Qe2 h6 8.
Rd1 Qc7 9. a4 Nf8 10. b3 Ng6 11. Bb2 Nf6 12. Nbd2 O-O 13. Qe3 Ng4 14. Qc3
Qb6 15. Rf1 Bb4 16. Bxf7+ Rxf7 17. Qc4 Nf4 18. Nxe5 Nxe5 19. Bxe5 Be6 0-1

[Event "34th World Open"]
[Site "Philadelphia USA"]
[Date "2006.07.03"]
[Round "6"]
[White "Peric,Sl"]
[Black "Milman,L"]
[Result "0-1"]
[WhiteElo "2288"]
[BlackElo "2478"]
[EventDate "2006.06.28"]

1. d4 d5 2. Nf3 Nf6 3. Bg5 c5 4. Bxf6 gxf6 5. e3 Nc6 6. c3 e5 7. dxc5 Bxc5
8. Nbd2 Be6 9. g3 a6 10. Bg2 O-O 11. O-O Kh8 12. Qe2 Qe7 13. Nh4 f5 14. Nb3
Bb6 15. Rad1 Rad8 16. Rd2 Qf6 17. Rfd1 Ne7 18. Kh1 e4 19. Nd4 Ng6 20. Nxg6+
hxg6 21. h4 Kg7 22. Nxe6+ fxe6 23. c4 d4 24. exd4 Rxd4 25. Rxd4 Bxd4 26. b4
Rd8 27. Kg1 g5 28. hxg5 Qxg5 29. Kf1 b6 30. Bh3 Qe7 31. a3 Qc7 32. c5 bxc5
33. Qxa6 Kf6 34. Qc4 Rd5 35. bxc5 Qxc5 36. Qxc5 Bxc5 37. Rxd5 exd5 38. a4
d4 39. Ke2 d3+ 40. Ke1 Ke5 41. Kf1 Bb4 42. Bg2 Ba5 43. Bh3 Kf6 44. Bg2 Kg5
45. Bh3 Bb4 46. Bg2 Kg4 47. Bh1 Kh3 48. Bg2+ Kh2 49. Bxe4 fxe4 50. g4 e3
0-1

[Event "34th World Open"]
[Site "Philadelphia USA"]
[Date "2006.07.03"]
[Round "6"]
[White "Harika,D"]
[Black "Gersov,E"]
[Result "1-0"]
[WhiteElo "2358"]
[BlackElo "2313"]
[EventDate "2006.06.28"]

1. Nf3 d5 2. d4 Nf6 3. c4 e6 4. Nc3 Nbd7 5. Bg5 Bb4 6. cxd5 exd5 7. Qc2 c5
8. dxc5 Qa5 9. Bd2 O-O 10. a3 Bxc3 11. Qxc3 Qxc3 12. Bxc3 Ne4 13. Bd2 Ndxc5
14. Nd4 Nxd2 15. Kxd2 Ne6 16. Nxe6 Bxe6 17. e3 d4 18. e4 f5 19. exf5 Rxf5
20. f3 Rc8 21. Re1 Rf6 22. Bd3 Bf5 23. Rc1 Re8 24. Rhe1 Rxe1 25. Rxe1 a5
26. Bc4+ Kf8 27. Re5 b6 28. Rd5 Ke7 29. Rxd4 Rc6 30. Bd3 Bxd3 31. Kxd3 Rc1
32. Re4+ Kd6 33. Rh4 Rg1 34. g3 h6 35. Rg4 g5 36. h4 gxh4 37. gxh4 Rf1 38.
Rg6+ Kc5 39. Ke4 a4 40. Rg2 Re1+ 41. Kf5 Rh1 42. Kg4 Kd4 43. Re2 Rb1 44.
Re4+ Kd3 45. Rb4 Kc2 46. Rxa4 Rxb2 47. f4 Kd3 48. f5 Rf2 49. Rf4 Rg2+ 50.
Kh5 Ke3 51. Rb4 Rf2 52. Kg6 1-0

[Event "34th World Open"]
[Site "Philadelphia USA"]
[Date "2006.07.03"]
[Round "6"]
[White "Ly,M"]
[Black "Bartholomew,J"]
[Result "1-0"]
[WhiteElo "2188"]
[BlackElo "2406"]
[EventDate "2006.06.28"]

1. e4 d5 2. exd5 Qxd5 3. Nc3 Qa5 4. d4 c6 5. Nf3 Nf6 6. Ne5 Bf5 7. Bc4 e6
8. g4 Bg6 9. h4 Nbd7 10. Nxd7 Nxd7 11. h5 Be4 12. Rh3 Bd5 13. Bd3 c5 14.
dxc5 Bc6 15. Bd2 Nxc5 16. Qe2 O-O-O 17. Bc4 Qc7 18. O-O-O Bd6 19. b4 Nd7
20. Nb5 Bxb5 21. Bxb5 Bf4 22. Kb2 Bxd2 23. Rxd2 Ne5 24. Rc3 Nc6 25. Rxd8+
Rxd8 26. Bxc6 bxc6 27. Qe4 Kb7 28. Qxh7 Qe5 29. f4 Qxf4 30. Qxg7 Rd1 31.
Qf8 Qc1+ 32. Kb3 Rd7 33. Qc5 Qh1 34. b5 Qd5+ 35. Qxd5 cxd5 36. h6 Kb6 37.
h7 Rd8 38. Rf3 f5 39. g5 1-0

[Event "34th World Open"]
[Site "Philadelphia USA"]
[Date "2006.07.03"]
[Round "6"]
[White "Critelli,J"]
[Black "Taylor,T"]
[Result "1-0"]
[WhiteElo "2170"]
[BlackElo "2330"]
[EventDate "2006.06.28"]

1. e4 Nc6 2. Nf3 d6 3. d4 Nf6 4. Nc3 Bg4 5. Bb5 a6 6. Bxc6+ bxc6 7. h3 Bh5
8. O-O e6 9. Re1 Be7 10. Qd3 O-O 11. Ne2 d5 12. e5 Ne4 13. Nf4 Bg6 14. Nxg6
hxg6 15. c4 c5 16. cxd5 exd5 17. Be3 Qd7 18. dxc5 Nxc5 19. Bxc5 Bxc5 20. e6
fxe6 21. Qxg6 Rf6 22. Qc2 Qd6 23. Rac1 Bb6 24. Kh1 Raf8 25. Ng5 g6 26. Rcd1
Bxf2 27. Ne4 dxe4 28. Rxd6 cxd6 29. Rd1 d5 30. b4 Bg3 31. Kg1 Rf2 32. Qc6
R8f6 33. Qc3 Bh4 34. a4 Re2 35. Rf1 Bf2+ 36. Kh1 d4 37. Qc8+ Kg7 38. Qc7+
Kh6 39. Qd8 Kg5 40. h4+ Kf5 41. g4+ Ke5 42. Qc7+ 1-0

[Event "34th World Open"]
[Site "Philadelphia USA"]
[Date "2006.07.03"]
[Round "6"]
[White "Sevillano,E"]
[Black "La Rota,F"]
[Result "1-0"]
[WhiteElo "2472"]
[BlackElo "2296"]
[EventDate "2006.06.28"]

1. e4 c6 2. d4 d5 3. Nc3 dxe4 4. Nxe4 Nf6 5. Nxf6+ exf6 6. Bc4 Bd6 7. Qh5
O-O 8. Be3 Nd7 9. Nf3 Qc7 10. O-O c5 11. Rad1 b6 12. Rd2 Bb7 13. Rfd1 Rad8
14. dxc5 Bxc5 15. Bxc5 g6 16. Bd6 Qxc4 17. Qh4 Qxh4 18. Nxh4 Rfe8 19. Bc7
Rc8 20. Rxd7 Bc6 21. Nf3 Bxd7 22. Rxd7 Re2 23. h4 Rxc2 24. Bd8 Rxb2 25.
Bxf6 Rxa2 26. Ne5 Rf8 27. Ng4 h5 28. Nh6+ Kh7 29. Nxf7 Rb8 30. Ng5+ 1-0

[Event "34th World Open"]
[Site "Philadelphia USA"]
[Date "2006.07.03"]
[Round "6"]
[White "Acor,C"]
[Black "Sarkar,J"]
[Result "1-0"]
[WhiteElo "2227"]
[BlackElo "2355"]
[EventDate "2006.06.28"]

1. d4 Nf6 2. Nf3 e6 3. Nbd2 c5 4. e4 cxd4 5. e5 Nd5 6. Nxd4 d6 7. exd6 Bxd6
8. Ne4 Be5 9. Nf3 Bc7 10. c3 O-O 11. Bd3 Nf4 12. Bxf4 Bxf4 13. Qc2 Nc6 14.
g3 Bc7 15. O-O-O Qe7 16. Rhe1 e5 17. Kb1 Bg4 18. Neg5 h6 19. h3 Bc8 20. Ne4
Bxh3 21. Nh4 Rad8 22. Rh1 Be6 23. g4 Bxg4 24. Rdg1 Be6 25. Ng3 Qd7 26. Ngf5
Qxd3 27. c4 1-0

[Event "34th World Open"]
[Site "Philadelphia USA"]
[Date "2006.07.03"]
[Round "6"]
[White "Bonin,J"]
[Black "Arnold,M"]
[Result "0-1"]
[WhiteElo "2299"]
[BlackElo "2105"]
[EventDate "2006.06.28"]

1. Nf3 Nf6 2. c4 c5 3. Nc3 d6 4. d4 cxd4 5. Nxd4 b6 6. e4 Bb7 7. Qe2 Nbd7
8. g3 e6 9. Bg2 Be7 10. O-O Qc7 11. b3 O-O 12. Bb2 a6 13. Rac1 Rfe8 14. f4
Bf8 15. f5 Ne5 16. fxe6 fxe6 17. Bh3 Qf7 18. Rf2 Rad8 19. Rcf1 Bc8 20. Nf3
Qh5 21. Nxe5 Qxe2 22. Rxe2 dxe5 23. Kh1 Bb7 24. Bg2 Rd3 25. Nd1 Bc5 26. Nf2
Bxf2 27. Rexf2 Bc6 28. Bh3 h6 29. Kg1 Nxe4 30. Rf8+ Rxf8 31. Bxe6+ Kh7 32.
Rxf8 Rd1+ 33. Rf1 Rd2 34. Bxe5 Ng5 35. Bd5 Nh3+ 36. Kh1 Rxd5 0-1

[Event "34th World Open"]
[Site "Philadelphia USA"]
[Date "2006.07.03"]
[Round "6"]
[White "Abrahamyan,T"]
[Black "Saint Amand,P"]
[Result "1-0"]
[WhiteElo "2262"]
[BlackElo "2126"]
[EventDate "2006.06.28"]

1. e4 c5 2. Nf3 d6 3. d4 cxd4 4. Nxd4 Nf6 5. Nc3 a6 6. Be3 e5 7. Nb3 Be6 8.
f3 Nbd7 9. g4 h6 10. Qd2 Rc8 11. O-O-O Nb6 12. h4 Be7 13. Qf2 Nfd7 14. Nd5
Bxd5 15. exd5 Nc4 16. Bxc4 Rxc4 17. Kb1 a5 18. g5 h5 19. f4 exf4 20. Bd4
Ne5 21. Bxe5 dxe5 22. Qe2 Rc7 23. Qxe5 Qd6 24. Qxg7 Rf8 25. Rhe1 Kd8 26.
Nd4 Qc5 27. Rxe7 Qxe7 28. d6 Qxd6 29. Ne6+ fxe6 30. Qxf8+ 1-0

[Event "34th World Open"]
[Site "Philadelphia USA"]
[Date "2006.07.03"]
[Round "6"]
[White "Hansen,Er"]
[Black "Chubinsky,P"]
[Result "1-0"]
[WhiteElo "1835"]
[BlackElo "2172"]
[EventDate "2006.06.28"]

1. e4 c5 2. Nf3 e6 3. d4 cxd4 4. Nxd4 a6 5. c4 Nf6 6. Nc3 Qc7 7. Bd3 Bd6 8.
h3 Nc6 9. Nxc6 dxc6 10. O-O e5 11. Be3 b6 12. Rb1 Be6 13. b4 Nd7 14. Qe2
O-O 15. Rfc1 c5 16. Nd5 Bxd5 17. cxd5 Qa7 18. a3 Rfc8 19. a4 a5 20. bxa5
Qxa5 21. Bb5 Nf6 22. Bd2 Qa7 23. Qc4 Qc7 24. Bc6 Ra7 25. f3 Rb8 26. Rc2 Qd8
27. Rcb2 Bc7 28. Qb5 Rc8 29. a5 bxa5 30. Qxc5 Bb8 31. Ra2 a4 32. Rxb8 Rxb8
33. Qxa7 Rb1+ 34. Kh2 h5 35. Rxa4 Kh7 36. Qxf7 Qb6 37. Ra7 Qg1+ 38. Kg3 h4+
39. Kxh4 Qxg2 40. Qxf6 Rg1 41. Qh6+ Kg8 42. Ra8+ 1-0

[Event "34th World Open"]
[Site "Philadelphia USA"]
[Date "2006.07.03"]
[Round "6"]
[White "Muhammad,S"]
[Black "Stocek,J"]
[Result "0-1"]
[WhiteElo "2384"]
[BlackElo "2565"]
[EventDate "2006.06.28"]

1. d4 Nf6 2. c4 e6 3. Nf3 Bb4+ 4. Nbd2 O-O 5. a3 Be7 6. e4 d5 7. e5 Nfd7 8.
Bd3 c5 9. h4 h6 10. Bb1 cxd4 11. Qc2 f5 12. cxd5 exd5 13. Ba2 Nc6 14. Bxd5+
Kh8 15. Bxc6 bxc6 16. Qxc6 Rb8 17. O-O Nc5 18. Nc4 f4 19. Nfd2 Bxh4 20. Qg6
Qd5 21. f3 Ba6 22. b3 Nxb3 23. Qxa6 Nxa1 24. Qxa7 Qb5 25. Qc7 Nc2 26. Ne4
Rfc8 27. Qa5 Qxc4 28. Bxf4 d3 29. Kh2 Be7 30. Bg3 Ra8 0-1

[Event "34th World Open"]
[Site "Philadelphia USA"]
[Date "2006.07.03"]
[Round "6"]
[White "Swathi,G"]
[Black "Kudrin,S"]
[Result "1/2-1/2"]
[WhiteElo "2262"]
[BlackElo "2553"]
[EventDate "2006.06.28"]

1. e4 c5 2. Nf3 d6 3. d4 cxd4 4. Nxd4 Nf6 5. Nc3 g6 6. Be3 a6 7. f3 b5 8.
Qd2 Bg7 9. Bh6 Bxh6 10. Qxh6 Bb7 11. O-O-O Nbd7 12. g4 Rc8 13. Qd2 Ne5 14.
g5 Nh5 15. Nd5 O-O 16. Kb1 e6 17. Nc3 b4 18. Nce2 Nxf3 19. Nxf3 Bxe4 20.
Ned4 e5 21. Qe3 d5 22. Nxe5 Re8 23. Nef3 Bxc2+ 24. Nxc2 Rxe3 25. Nxe3 Qe7
26. Nxd5 Qe4+ 27. Rd3 Rd8 28. Nd2 Qxh1 29. Nf6+ Nxf6 30. Rxd8+ Kg7 31.
gxf6+ Kxf6 32. h3 a5 33. Kc2 h5 34. Rd4 g5 35. Re4 Qh2 36. Rc4 Ke7 37. Re4+
Kf6 38. Rc4 Ke7 39. Rd4 f6 40. Re4+ Kf8 41. Re6 Qf2 42. Re4 Qh2 43. Rd4 Ke7
44. Re4+ 1/2-1/2

[Event "34th World Open"]
[Site "Philadelphia USA"]
[Date "2006.07.03"]
[Round "6"]
[White "Florean,A"]
[Black "Rouleau,J"]
[Result "0-1"]
[WhiteElo "2426"]
[BlackElo "2273"]
[EventDate "2006.06.28"]

1. e4 e6 2. d4 d5 3. Nd2 c5 4. exd5 Qxd5 5. Ngf3 cxd4 6. Bc4 Qd6 7. O-O Nf6
8. Nb3 Nc6 9. Nbxd4 Nxd4 10. Nxd4 a6 11. Bb3 Qc7 12. Qf3 Bd6 13. h3 O-O 14.
Bg5 Nd7 15. c3 Ne5 16. Qh5 b5 17. Rad1 Bb7 18. f4 Ng6 19. f5 exf5 20. Nxf5
Bc5+ 21. Kh1 Rae8 22. Rd2 Re5 23. Qg4 Re4 24. Qh5 Re5 25. Bc2 Rfe8 26. Qd1
Bc8 27. b4 Ba7 28. Nd6 Rf8 29. Bxg6 hxg6 30. Bf4 Rh5 31. Qf3 Qb6 32. Nxc8
Rxc8 33. Rd6 Qc7 34. Rxg6 Qxc3 35. Rxg7+ Qxg7 36. Qxh5 Rc2 37. Qf3 Bd4 38.
a3 Qg6 39. Rd1 Rc4 40. Rd3 Bg7 41. Rd8+ Kh7 42. Rd5 Bh6 43. Bxh6 Kxh6 44.
Qe3+ Kh7 45. Rg5 Qf6 46. Rh5+ Kg7 47. Qg3+ Kf8 48. Qb8+ Ke7 49. Re5+ Kd7
50. Qb7+ Kd8 51. Rd5+ 0-1

[Event "34th World Open"]
[Site "Philadelphia USA"]
[Date "2006.07.03"]
[Round "6"]
[White "Smith,Bry"]
[Black "Dougherty,M"]
[Result "1-0"]
[WhiteElo "2384"]
[BlackElo "2186"]
[EventDate "2006.06.28"]

1. e4 c5 2. Nf3 d6 3. d4 cxd4 4. Nxd4 Nf6 5. Nc3 g6 6. Bc4 Bg7 7. h3 a6 8.
O-O O-O 9. Re1 b5 10. Bd5 Ra7 11. Bb3 e6 12. Qf3 Nfd7 13. Be3 Ne5 14. Qg3
Rc7 15. Rad1 Nc4 16. Bg5 f6 17. Bc1 Nc6 18. Ndxb5 axb5 19. Nxb5 N6a5 20.
Nxc7 Qxc7 21. Bf4 Nxb3 22. cxb3 Ne5 23. Qc3 Qb8 24. Qd2 Rd8 25. Qa5 Nf7 26.
Rc1 f5 27. exf5 gxf5 28. Bg5 Re8 29. Qxf5 e5 30. Qf4 Bxh3 31. Qg3 Bf5 32.
Bf6 Bg6 33. Bxg7 Kxg7 34. Rc6 Qa8 35. Rc7 Qxa2 36. Qc3 Rb8 37. Re3 Qb1+ 38.
Kh2 Qf5 39. Rf3 Qg4 40. Rcxf7+ Bxf7 41. Rg3 Qxg3+ 42. Qxg3+ Kf8 43. Qh4 Ke8
44. Qa4+ 1-0

[Event "34th World Open"]
[Site "Philadelphia USA"]
[Date "2006.07.03"]
[Round "6"]
[White "Milovanovic,R"]
[Black "Salimbagat,R"]
[Result "1-0"]
[WhiteElo "2410"]
[BlackElo "2283"]
[EventDate "2006.06.28"]

1. e4 e5 2. Nf3 Nc6 3. Bb5 a6 4. Bxc6 dxc6 5. Nc3 Bg4 6. h3 Bxf3 7. Qxf3
Qf6 8. Qg3 Bb4 9. O-O Bc5 10. d3 h6 11. Be3 Bxe3 12. Qxe3 g5 13. Rad1 Ne7
14. d4 Ng6 15. Ne2 O-O 16. dxe5 Nxe5 17. f4 gxf4 18. Rxf4 Qg5 19. Qc3 Rae8
20. Rdf1 Kh7 21. Rf5 Qg7 22. Nf4 Nd7 23. e5 Re7 24. Nh5 Qg6 25. Nf6+ Nxf6
26. Rxf6 Qg7 27. R1f4 Rg8 28. Qf3 Kh8 29. Rh4 Re6 30. Rg4 Rxf6 31. Rxg7
Rxf3 32. Rxg8+ Kxg8 33. gxf3 Kg7 34. Kf2 Kg6 35. Ke3 Kf5 36. f4 c5 37. c4
c6 38. b3 b5 39. a4 h5 40. Kf3 Kg6 41. Ke4 h4 42. Ke3 Kh6 43. f5 Kg5 44.
Ke4 Kh6 45. Kf4 Kh5 46. e6 1-0

[Event "34th World Open"]
[Site "Philadelphia USA"]
[Date "2006.07.03"]
[Round "6"]
[White "Mulyar,M"]
[Black "Markzon,G"]
[Result "1-0"]
[WhiteElo "2391"]
[BlackElo "2231"]
[EventDate "2006.06.28"]

1. c4 Nf6 2. Nc3 g6 3. e4 d6 4. d4 Bg7 5. f3 O-O 6. Bg5 a6 7. Bd3 Nc6 8.
Nge2 e5 9. d5 Nd4 10. O-O c5 11. Qd2 Rb8 12. Nxd4 exd4 13. Ne2 Re8 14. Ng3
Qc7 15. Bh6 b5 16. b3 Bd7 17. h3 bxc4 18. bxc4 Rb4 19. Rae1 Reb8 20. Bxg7
Kxg7 21. f4 Rb2 22. Qc1 Qa5 23. e5 Ne8 24. Re2 Qxa2 25. f5 Rxe2 26. Bxe2
dxe5 27. fxg6 hxg6 28. Qg5 Rb1 29. Qxe5+ Kg8 30. Qe7 Rxf1+ 31. Bxf1 Ba4 32.
Ne4 d3 33. Bxd3 Qa1+ 34. Kh2 Qd4 35. Nxc5 Ng7 36. Nxa4 Qxd3 37. Qd8+ Kh7
38. Qh4+ Kg8 39. Nc5 Qe3 40. Nd7 Nf5 41. Qd8+ Kh7 42. Qc7 Nd4 43. Qg3 Qd2
44. Nf6+ Kg7 45. Ne4 Qd1 46. Qe3 a5 47. Nf2 Qg1+ 48. Kxg1 1-0

[Event "34th World Open"]
[Site "Philadelphia USA"]
[Date "2006.07.03"]
[Round "6"]
[White "Revesz,Z"]
[Black "Lopez,B"]
[Result "0-1"]
[WhiteElo "2161"]
[BlackElo "2411"]
[EventDate "2006.06.28"]

1. e4 e5 2. Nf3 Nc6 3. Nc3 Nf6 4. Bb5 Nd4 5. Ba4 Bc5 6. Nxe5 O-O 7. Nd3 Bb6
8. e5 Ne8 9. Nd5 Qg5 10. Ne3 d6 11. f4 Qh4+ 12. g3 Qh3 13. c3 Nf5 14. Nf2
Nxe3 15. dxe3 Qe6 16. Nd3 Qd5 17. O-O Bh3 18. Rf2 Rd8 19. Qh5 Bd7 20. Nb4
Qa5 21. Bc2 h6 22. Qh4 c6 23. exd6 Nxd6 24. g4 Rfe8 25. Rf3 Nc4 26. Kf2 Qc5
27. Nd3 Qd5 28. b3 Nd6 29. c4 Ne4+ 30. Kg2 Qd6 31. Ne5 Rxe5 32. fxe5 Qxe5
33. Rb1 Ng5 34. Rf2 c5 35. Qg3 Bc6+ 36. Kf1 Qe7 37. e4 Nxe4 38. Qe3 Re8 39.
Bxe4 Bxe4 40. Rbb2 Qd7 41. Rbd2 Qxg4 42. Qg3 h5 43. Bb2 Ba5 44. Qxg4 hxg4
45. Rd1 Bf3 46. Rc1 Rd8 47. Be5 Bd2 48. Rb1 f6 49. Bc7 Rd7 50. Bb8 a6 51.
a3 Be3 52. Ra2 f5 53. b4 Be4 54. Re1 f4 55. bxc5 Bd3+ 56. Kg2 Rf7 57. Rxe3
fxe3 58. Bg3 Rf1 0-1

[Event "34th World Open"]
[Site "Philadelphia USA"]
[Date "2006.07.03"]
[Round "6"]
[White "Shapiro,D"]
[Black "Friedman,J"]
[Result "1-0"]
[WhiteElo "2296"]
[BlackElo "2207"]
[EventDate "2006.06.28"]

1. d4 Nf6 2. c4 e6 3. g3 c5 4. d5 exd5 5. cxd5 d6 6. Nc3 g6 7. Bg2 Bg7 8.
Nf3 O-O 9. O-O a6 10. a4 Re8 11. Bf4 Nh5 12. Bg5 Bf6 13. Bd2 Nd7 14. Re1
Nb6 15. h3 Nc4 16. Bc1 Qa5 17. g4 Ng7 18. Qc2 Bxc3 19. bxc3 Bd7 20. Bf4 Qc7
21. Qa2 b5 22. axb5 Bxb5 23. e3 Rad8 24. Bf1 Ne5 25. Bxe5 dxe5 26. c4 Bd7
27. Qxa6 e4 28. Nd2 h5 29. Bg2 hxg4 30. d6 Qc6 31. hxg4 f5 32. Nb3 fxg4 33.
Qxc6 Bxc6 34. Nxc5 Rxd6 35. Ra6 Nf5 36. Nb3 Bb7 37. Rxd6 Nxd6 38. c5 Nf5
39. Na5 Ba6 40. Rb1 Re6 41. Rb4 g3 42. Bxe4 gxf2+ 43. Kxf2 Kf8 44. Bxf5
gxf5 45. Rb6 Bc8 46. Rb8 Re8 47. c6 Ke7 48. Nc4 Ba6 49. c7 Kd7 50. Rxe8
Kxe8 51. Nb6 1-0

[Event "34th World Open"]
[Site "Philadelphia USA"]
[Date "2006.07.03"]
[Round "6"]
[White "Formanek,E"]
[Black "Harris,Da"]
[Result "0-1"]
[WhiteElo "2286"]
[BlackElo "2173"]
[EventDate "2006.06.28"]

1. d4 Nf6 2. c4 e6 3. Nf3 Nc6 4. g3 d5 5. Bg2 dxc4 6. Qa4 Bd7 7. Qxc4 b5 8.
Qb3 Na5 9. Qc2 b4 10. Qd3 Rb8 11. O-O Bb5 12. Qd1 Bd6 13. Re1 O-O 14. e4
Be7 15. Bf4 Rc8 16. Nbd2 c5 17. dxc5 Bxc5 18. Bf1 Qb6 19. Be3 Bxe3 20. fxe3
Bxf1 21. Kxf1 Rfd8 22. Rc1 Rxc1 23. Qxc1 Ng4 24. Nb3 Qb5+ 25. Kg1 Nxb3 26.
axb3 Qd3 27. Qc4 Nxe3 28. Qc7 Ng4 29. Ng5 Qd4+ 30. Kh1 Rf8 31. Qf4 Nf2+ 32.
Kg2 Nd3 0-1

[Event "34th World Open"]
[Site "Philadelphia USA"]
[Date "2006.07.03"]
[Round "6"]
[White "Gilruth,P"]
[Black "Bick,J"]
[Result "0-1"]
[WhiteElo "2249"]
[BlackElo "2238"]
[EventDate "2006.06.28"]

1. Nf3 Nf6 2. c4 e6 3. Nc3 Bb4 4. Qc2 b6 5. a3 Bxc3 6. Qxc3 O-O 7. d4 c5 8.
dxc5 bxc5 9. Bg5 Bb7 10. e3 h6 11. Bxf6 Qxf6 12. Qxf6 gxf6 13. Be2 Na6 14.
O-O-O Bc6 15. Nh4 Rab8 16. Bf3 Ba4 17. Rd2 Rb6 18. Bd1 Bc6 19. Bf3 Ba4 20.
g3 Rd8 21. Ng2 Bb3 22. Be2 Nb8 23. Nf4 Kf8 24. Re1 d6 25. Bd3 Nc6 26. e4
Ne5 27. Be2 Ke7 28. h4 Rdb8 29. Ng2 Bxc4 30. Ne3 Bxe2 31. Rexe2 Rb3 32. Nd1
Nd3+ 33. Kb1 Rxa3 34. Re3 c4 35. Rc2 Ra4 36. Nc3 Rab4 37. Nd1 R8b6 38. f3
Ra6 39. Nc3 Nc5 40. g4 Nb3 41. Na2 Rxa2 42. Rxc4 Ra1+ 0-1

[Event "34th World Open"]
[Site "Philadelphia USA"]
[Date "2006.07.03"]
[Round "6"]
[White "Francisco,R"]
[Black "Higgins,S"]
[Result "0-1"]
[WhiteElo "2223"]
[BlackElo "2088"]
[EventDate "2006.06.28"]

1. d4 f5 2. g3 Nf6 3. Bg2 g6 4. Nh3 Bg7 5. c4 d6 6. Qb3 c6 7. Nc3 Na6 8.
O-O O-O 9. Rd1 Qe8 10. d5 e5 11. f3 Nc7 12. Nf2 Rb8 13. a4 a5 14. Qc2 Na6
15. b3 Nb4 16. Qd2 Qf7 17. Bb2 h6 18. Rf1 g5 19. Rae1 Qg6 20. e4 fxe4 21.
Nfxe4 Bf5 22. Re2 Nd7 23. f4 Bg4 24. Ree1 gxf4 25. gxf4 Nf6 26. Nf2 Bf3 27.
Nh3 Qxg2+ 28. Qxg2 Bxg2 29. Kxg2 Nd3 30. Re3 Nxb2 31. Rb1 Nh5 32. Kf3 exf4
0-1

[Event "34th World Open"]
[Site "Philadelphia USA"]
[Date "2006.07.03"]
[Round "6"]
[White "Collier,P"]
[Black "Enkin,M"]
[Result "1/2-1/2"]
[WhiteElo "2116"]
[BlackElo "2247"]
[EventDate "2006.06.28"]

1. d4 Nf6 2. c4 g6 3. Nc3 d5 4. Bf4 Bg7 5. Be5 dxc4 6. e3 O-O 7. Bxc4 c5 8.
Nf3 Nc6 9. O-O e6 10. dxc5 Nxe5 11. Nxe5 Qa5 12. Nd3 Bd7 13. Rc1 Rad8 14.
b4 Qc7 15. Qb3 Ng4 16. g3 h5 17. Nf4 Qe5 18. Nce2 Qe4 19. b5 g5 20. Ng2 Ne5
21. Nd4 h4 22. Qc2 Qxc2 23. Rxc2 h3 24. Ne1 Nxc4 25. Rxc4 Bxd4 26. c6 bxc6
27. bxc6 Bc8 28. exd4 Ba6 29. Rc5 Bxf1 30. Rxg5+ Kh7 31. Kxf1 Rxd4 32. Ra5
Rc4 33. Rxa7 Rxc6 34. Nf3 Rc5 35. Ra4 Kg7 36. Rg4+ Kf6 37. Rh4 Rc1+ 38. Ke2
Rfc8 39. Rf4+ Ke7 40. Ng5 R8c2+ 41. Kf3 f5 42. Nxh3 Rxa2 43. Rh4 Rcc2 44.
Rb4 Kf6 45. Rb6 Ke7 46. Rb3 e5 47. Rb7+ Kf6 48. Rb6+ Ke7 1/2-1/2